Lorin Quiz - Statistiken

Allgemein
  • Dieses Quiz wurde 8 mal gespielt
  • Das Durchschnittsergebnis liegt bei 9 aus 15
Antwortstatistiken
Frage Antwort % Korrekt
Partei die er bei den Jugendwahlen wählte) Die Linke
100%
Welchen Sport spielte er? Handball
100%
Nachname Helwig
100%
Haustier Katze
100%
Wie viele (Halb-)Geschwister? 6
67%
Augenfarbe Braun
67%
Halb-Deutsch und Halb-? Kurde
67%
Organ, welches in jungen Jahren teilweise heraus operiert wurde Mandeln
67%
Bei welchem Sport ist Lorin eine Woche ins Training gegangen? Tischtennis
67%
Geburtsdatum (xx.xx.xxxx) 05.08.2004
33%
Meist gehörter Künstler Eminem
33%
Name des Haustieres (Rubens Schwester) Noonoo
33%
Lieblingsspiel The Legend of Zelda: Breath of the Wild
33%
Wohnort Gilching/Steinebach
0%
Lieblings-Legendäres-Pokemon Rayquaza
0%
Keine übereinstimmenden Quizze gefunden
Verteilung der Resultate
Anzahl Personen mit jedem Resultat
Perzentil nach korrekt beantworteten Fragen
Ihre Resultats-Entwicklung
Sie haben dieses Quiz noch nicht gespielt